Globalizácia politiky Slovenskej republiky

Prvá dekáda samostatnosti Slovenska. Slovensko za posledných 10 rokov.

Salvato in:
Dettagli Bibliografici
Autore principale: Kmeťková, Zuzana
Natura: Capitolo di libro
Lingua:slovacco
Soggetti:
Tags: Aggiungi Tag
Nessun Tag, puoi essere il primo ad aggiungerne!!

MARC

LEADER 00000nla a2200000 4500
001 0234093
005 20240417075123.1
041 0 |a slo 
044 |a SK 
245 1 0 |a Globalizácia politiky Slovenskej republiky  |c Zuzana Kmeťková 
520 |a Prvá dekáda samostatnosti Slovenska. Slovensko za posledných 10 rokov. 
610 2 0 |a globalizácia 
610 2 0 |a Slovensko 
610 2 0 |a história 
610 2 0 |a reformy hospodárske 
610 2 0 |a reformy sociálne 
610 2 0 |a reformy štruktúrne 
100 1 |a Kmeťková, Zuzana